Statystyki dla Kogo to numer - zagraniczny rap #5

Kliknij tutaj aby rozwiązać quiz!

Ogólne statystyki

  • Ten quiz został rozwiązany 15 razy
  • Średni wynik to 6 z 10

Statystyki odpowiedzi

HintOdpowiedź% Poprawnych
Praise GodKanye West
87%
All Eyez On Me2Pac
80%
Money TreesKendrick Lamar
80%
Come & GoJuice WRLD
60%
ZEZEKodak Black
60%
Flooded The FaceLil Uzi Vert
53%
Wow.Post Malone
53%
SuperheroFuture
47%
HOTEL LOBBYQuavo | Takeoff
47%
EverydayA$AP Rocky
40%

Rozkład punktacji

Percentyl według liczby udzielonych odpowiedzi

Procent ludzi z każdym wynikiem

Twoja historia wyników

Nie rozwiązałeś tego quizu